MARC

LEADER 00000nam0a2200000 4500
001 185133
005 20231031172701.0
035 |a (RuTPU)RU\TPU\book\200804 
090 |a 185133 
100 |a 20101001d1868 m y0rusy50 ca 
101 0 |a ger 
102 |a DE 
105 |a a z 000zy 
200 1 |a Anlage und Ausfürung von Wasserleitungen und Wasserwerken mit besonderer Rücksicht auf die Städteversorgung 
210 |a Leipzig  |c Verlag von Otto Wigang  |d 1868 
215 |a 296 с.  |c il. 
610 1 |a водопроводы 
610 1 |a водопроводные сооружения 
610 1 |a строительство 
610 1 |a конструкции 
610 1 |a гидроэлектростанции 
610 1 |a эксплуатация 
610 1 |a немецкий язык 
675 |a 696.1  |v 3 
675 |a 621.311.21  |v 3 
700 1 |a König  |b F.  |g Friedrich 
801 1 |a RU  |b 63413507  |c 20101001 
801 2 |a RU  |b 63413507  |c 20101102  |g RCR 
942 |c BK